Lakóházak felújítása huszonötmilliót költ rájuk az IKV
Elmentve itt :
| Dokumentumtípus: | Cikk |
|---|---|
| Megjelent: |
1968-09-12
|
| Sorozat: | Délmagyarország
58 No. 214 |
| Kulcsszavak: | IKV, Építkezés felújítás Szeged 1968 |
| Online Access: | http://dmarchiv.bibl.u-szeged.hu/65211 |
| LEADER | 00465nab a2200145 i 4500 | ||
|---|---|---|---|
| 001 | delm65211 | ||
| 005 | 20180927151301.0 | ||
| 008 | 180927s1968 hu o 0|| hun d | ||
| 040 | |a SZTE Délmagyarország Archívum |b hun | ||
| 041 | |a hun | ||
| 245 | 0 | 0 | |a Lakóházak felújítása |h [elektronikus dokumentum] : |b huszonötmilliót költ rájuk az IKV |
| 260 | |c 1968-09-12 | ||
| 300 | |a 1 | ||
| 490 | 0 | |a Délmagyarország |v 58 No. 214 | |
| 695 | |a IKV, Építkezés felújítás Szeged 1968 | ||